Представление документа в формате MARC21

Поле Инд. ПП Название Значение
Тип записи a
Библиографический уровень m
001 Контрольный номер 5ddd43f28505467fb454de6bf672e0cc
005 Дата корректировки 20171122115627.3
008 Кодируемые данные 170706|||||||||ru |||||||||||||||||rus||
020 a ISBN 978-5-86185-899-1
041 0_ a Код языка текста rus
084 a Индекс другой классификации/Индекс ББК 60.52
090 a Полочн. индекс 60.5
x Авторский знак Р 98
100 1_ a Автор Рябев В. В.
245 10 a Заглавие Региональное гражданское общество: процессы развития и функционирования (на примере Мурманской области)
b Продолж. заглавия [монография]
c Ответственность Федер. агентство по рыболовству, ФГБОУ ВПО "Мурман. гос. техн. ун-т"
260 a Место издания Мурманск
b Издательство Изд-во МГТУ
c Дата издания 2016
300 a Объем 131 с.
b Иллюстрации/ тип воспроизводства ил.
504 a Библиография Библиогр.: с. 115-131
650 04 a Основная рубрика Гражданское общество-Мурманская область
651 _4 a Географическое наименование Мурманская область
653 0_ a Ключевые слова Гражданское общество; Российское гражданское общество; Монографии
700 12 a Другие авторы Рябев В. В.
710 12 a Организация/ юрисдикция Мурманский государственный технический университет
901 t Тип документа m
952 c Вид литературы монография